VMS Library
Email : library.aptu@gmail.com / Tel. 0-2986-9605-6 ext.2003 / Line Official : @vmslibrary
เปลี่ยนเป็นภาษาไทย

Change to English
 แสดงรายละเอียดบรรณานุกรม
  กลับหน้าหลัก

Brief Record : Get Marc (ISO 2709) : E-mail record : QR code ปิดหน้าต่าง
E-Book หนังสือทั่วไป : เกี่ยวกับ Collections
LEADER 00000nam 2200000uu 4500
001    13399137014
003     ULIBM
008    260508s2567||||th 000 0 tha d
020    ^a9786166120790
050    ^aTH425^b.ท44 2567
100 0  ^aทรงศักดิ์ รวิรังสรรค์.
245 10 ^aคู่มือออกแบบ เขียนแบบอาคาร ในเขตเทศบาล, อบต / ^cทรงศักดิ์ รวิรังสรรค์.
260    ^aสงขลา : ^bซันซัน การพิมพ์, ^c2567.
300    ^a405 หน้า : ^bภาพประกอบ.
650  4 ^aการออกแบบสถาปัตยกรรม.
650  4 ^aการเขียนแบบสถาปัตยกรรม.
999    ^aปวีนา มาลยาภรณ์
รายการนี้ยังไม่มีแท็ก
คุณยังไม่ได้ล็อกอิน คุณสามารถมีกิจกรรมร่วมกับเว็บไซต์ได้ แต่ต้องล็อกอินก่อน ::
  ล็อกอิน
ลำดับที่ ประเภท เลขเรียก/บาร์โค้ด สถานที่ สถานะ
1. หนังสือ
หนังสือ
TH425 .ท44 2567  
  Barcode: 3 26 025549
หนังสือทั่วไป On Shelf
  ขอยืม
   [แสดง 1/1 รายการ]

รายการใกล้เคียง
    ผู้แต่ง [ทรงศักดิ์ รวิรังสรรค์.]

    หัวเรื่อง [การออกแบบสถาปัตยกรรม.]
    หัวเรื่อง [การเขียนแบบสถาปัตยกรรม.]

BibComment


ยังไม่เคยถูกคอมเมนท์

คอมเมนท์ทรัพยากรรายการนี้
  คอมเมนท์: คู่มือออกแบบ เขี..
Bib 13399137014
 
 
 

 Union Library Management : ULibM
Copyright 2026. All Rights Reserved.